000 00532nam a2200193 a 4500
001 1767681890022
003 YourLibrary
005 20260107144231.0
008 260106s1998##################000#0#eng##
020 _a9780198292388
082 0 4 _a300.72
_bSCA
100 1 _aScarbrough, Elinor,
_eauthor.
245 1 0 _aResearch Strategies in the Social Sciences :
260 _bOxford University Press,
_c1998.
300 _a333 pages
650 0 _aPolitical Science.
942 _cENGLISH
040 _aYourLibrary
_beng
_cYourLibrary
999 _c607437
_d607437